[Event "Bundesliga 0102"]
[Site "Germany"]
[Date "2001.11.25"]
[Round "4.6"]
[White "Hellsten, Johan"]
[Black "Straeter, Timo"]
[Result "0-1"]
[WhiteElo "2471"]
[BlackElo "2310"]
[Annotator "Tyomkin,D"]
[PlyCount "56"]
[EventDate "2001.10.06"]
[EventType "team-tourn"]
[EventRounds "15"]
[EventCountry "GER"]
[SourceTitle "CBM 087"]
[Source "ChessBase"]
[SourceDate "2002.03.21"]
[SourceVersion "1"]
[SourceVersionDate "2002.03.21"]
[SourceQuality "1"]
[WhiteTeam "Neukoelln"]
[BlackTeam "Wattenscheid"]
[WhiteTeamCountry "GER"]
[BlackTeamCountry "GER"]

1. d4 e6 2. c4 f5 3. Nf3 Nf6 4. Nc3 d5 5. Bf4 c6 6. e3 Be7 7. Bd3 O-O 8. Qc2
Ne4 9. g4 Qa5 {This line looks dangerous for black- white got nice positions
in all games;} (9... b5 $2 10. cxb5 cxb5 11. gxf5 Nxc3 12. f6 Bxf6 (12... Ne4
13. fxe7 $16) 13. Bxh7+ Kh8 14. bxc3 $16 {1-0 Volzhin,A-Relange,E/Oakham 1992/
CBM 30 (25)}) 10. Ke2 {10.gxf5 is good alternative, as well as 10.Rg1, but 10.
a3 looks too soft;} (10. gxf5 exf5 11. cxd5 (11. Ke2 Nxc3+ $6 12. bxc3 Be6 13.
Qb3 dxc4 14. Bxc4 Bxc4+ 15. Qxc4+ Qd5 16. Qxd5+ cxd5 17. Rhb1 $16 {1-0
Rustemov,A-Schaffarth,P/Bad Wiessee 1999/EXT 2001 (23)}) 11... cxd5 12. Ke2 {
Tyomkin,D: White king is safe in the center,on the other hand white starts an
action over the center by himself(d5 and e5-points are week).I like this
opening plan for white.} Nxc3+ (12... Be6 {Tyomkin,D} 13. Qb3 Nxc3+ (13... Nd7
$6 {Tyomkin,D} 14. Rhg1 Kh8 15. Ne5 Rfc8 $2 16. Bxe4 fxe4 17. Nxd7 Qa6+ 18. Qb5
Bxd7 19. Qxa6 bxa6 20. Nxd5 $18 {1-0 Aagaard,J-Pedersen,N/Ringsted 1992 (30)})
14. bxc3 b6 15. Rhg1 $146 (15. Ng5 {Tyomkin,D} Bd7 16. a4 h6 17. Nf3 Rc8 18.
Rhc1 g5 19. Bxb8 Raxb8 20. Ne5 Be6 21. Bb5 $16 a6 22. Nc6 Rxc6 23. Bxc6 Rc8 24.
Bb5 $1 {1-0 Shumiakina,T-Thipsay,B/Kishinev ztW ,EXT 1995 (40)}) 15... Rc8 $6 (
15... Nc6 $142 {[%cal Ga8c8] Tyomkin,D was more normal way for black to
develope his pieces.}) 16. Rac1 Nc6 17. h4 Qa3 $2 (17... Ba3 $5 {Tyomkin,D} 18.
Rb1 (18. Rc2 {[%csl Rc2]} Be7) 18... Ne7 19. Kd2 $14 {[%cal Gh4h5,Gf4e5]}) 18.
Bxf5 $1 {1-0 Volzhin,A-Pres,G/Moscow 1999/CBM 70/[Tyomkin,D] (35)}) (12... b6 {
Tyomkin,D} 13. Nb5 (13. Nxd5 $140 Qxd5 14. Bxb8 (14. Bc4 $2 Ba6) 14... Bd7 $44
{[%cal Gd7b5]} (14... Be6 $44)) 13... Ba6 14. Qb3 Rd8 15. Rhd1 Nc6 16. a3 Rac8
17. Rac1 g5 18. Bc7 Bxb5 19. Bxb5 Rxc7 20. Bxc6 $14 {1/2-1/2 Novikov,I-Dreev,A/
Uzhgorod ,EXT 1987 (54)}) (12... Nc6 $2 {Tyomkin,D} 13. Nxd5 $1 Bd6 14. Bxd6
Nxd6 15. Qc5 Qxc5 16. dxc5 $16 {0-1 Umansky,V-Andreev,D/"Slaviya" Primorsko
BUL 1989 (46)}) 13. bxc3 Nc6 14. Qb3 Kh8 15. h4 Qd8 16. h5 Bf6 17. Rag1 a6 18.
Qb1 Qa5 19. Nh4 Bxh4 20. Rxh4 Rf7 21. c4 Bd7 22. h6 g6 23. c5 Re8 24. Kf3 Nb4
25. Be5+ Rxe5 26. dxe5 Nc6 27. Ke2 Qxc5 28. Qxb7 Qe7 29. Qb2 Kg8 30. Ra4 Nxe5
31. Rxa6 f4 32. Ra8+ Be8 33. Bb5 Nd7 34. Rc1 fxe3 35. f3 Rf8 36. Qg7+ {1-0
Rausis,I-Kolly,J/Interlaken SUI 2001/The Week in Chess 374 (36)}) (10. Rg1 $5
b5 $2 11. cxb5 cxb5 12. gxf5 $16 {1-0 Krasenkow,M-Galdunts,S/Bad Wiessee 1999/
EXT 2001 (21)}) (10. a3 Nd7 11. Rg1 Ndf6 12. Ne5 fxg4 13. Bxe4 (13. c5 $5)
13... Nxe4 14. Rxg4 Nf6 15. Rh4 Ne4 16. Rh3 Rf5 17. f3 Nxc3 18. Qxc3 Qxc3+ 19.
bxc3 c5 $11 {1/2-1/2 Yermolinsky,A-Minasian,A/Stratton Mountain 1999/EXT 2000 
(51)}) 10... Na6 (10... Ba3 $5 {ICC move!} 11. Rac1 Nxc3+ 12. Qxc3 Qxc3 13.
Rxc3 Bxb2 14. Rb3 fxg4 15. Rxb2 (15. Ng5 Bxd4 $1 16. Bxb8 Bf6 17. Bf4 g6 {
[%cal Ge6e5] white has no way to save the knight;}) 15... gxf3+ 16. Kxf3 e5 (
16... b6 {[%cal Gc8a6]} 17. Rc1 Ba6 18. Ke2 $14) 17. dxe5 Nd7 18. Ke2 $14 {
1-0 Shariyazdanov,A-Radjabov,T/Biel 2000/CBM 77 ext (72)}) (10... Nxc3+ $6 11.
bxc3 dxc4 12. Bxc4 $14 b5 13. Bd3 Qa3 $6 14. Rhg1 $16 {1-0 Sherbakov,
R-Slapikas,V/Polanica Zdroj 1996/EXT 98 (46)}) 11. a3 dxc4 (11... Nxc3+ 12.
bxc3 Nc7 13. Ne5 (13. c5 $5 {Belov} Ne8 14. Rhg1 Kh8 15. Rg2 Nf6 16. Rag1 $1
Ne4 (16... Nxg4 17. h3 Nh6 18. Rxg7 $18) (16... g6 17. Be5 Kg8 18. gxf5 $18) (
16... fxg4 17. Ne5 $36) 17. gxf5 exf5 18. Rxg7 Bf6 19. Be5 $18 {Lima,
D-Giardeli,S/San Paulo zt(09)/1993/1:0/28/}) 13... Ne8 {'!?' Belov.} (13... Bf6
{Belov} 14. Rhg1 Ne8 15. Rg2 (15. gxf5 Bxe5 16. Bxe5 exf5 17. cxd5 Qxd5 18. Rg5
h6 19. Rg6 Rf7 20. Rag1 Kf8 21. c4 $16) 15... dxc4 16. Nxc4 Qd5 17. Rag1 $16 {
Stempin,P-Kholmov,R/Warszawa op/1989/0:1/48/}) 14. c5 (14. Rhg1 {Belov} Nd6 15.
gxf5 exf5 16. c5 Ne8 $6 (16... Ne4 $5 {Belov} 17. f3 (17. Bxe4 fxe4 18. Rg3 Bh4
(18... Bf6 19. Rag1 Kh8 20. Bh6 $2 Bxe5 21. dxe5 gxh6 $19) 19. Rg2 Bh3 $13)
17... Nxc3+ 18. Kf1 Na4 19. Rxg7+ Kxg7 20. Qg2+ Kh8 21. Bh6 Bf6 22. Bxf8 Be6
23. Bh6 Rg8 $132) 17. Bg5 Qd8 18. f4 $16 {1-0 Ivanov,T-Guliev,S/Moscow 1995/
CBM 47 ext/[Belov] (34)}) 14... Bf6 15. c4 $5 $14 (15. h4 {1/2-1/2 Granados
Gomez,M-Pablo Marin,A/Cala Galdana 2001/CBM 84 ext (25)})) (11... fxg4 {Belov}
12. Bxe4 gxf3+ 13. Bxf3 dxc4 14. Be5 $1 Bf6 15. Bxf6 Rxf6 (15... gxf6 16. Rag1+
Kh8 17. Rg3 Bd7 18. Rhg1 $16) 16. Ne4 Rf8 17. Rhg1 Qf5 18. Bg4 Qd5 19. Ng5 $16)
(11... Bd7 12. Ne5 Be8 13. f3 Nxc3+ 14. bxc3 g6 15. gxf5 exf5 16. Rag1 Kh8 17.
h4 Qd8 18. Bh6 Rg8 19. Bxf5 gxf5 20. Rxg8+ Kxg8 21. Rg1+ Kh8 22. Qxf5 {1-0
Khenkin,I-Hustert,V/GER 1995/EXT 2001 (22)}) 12. Bxc4 Nxc3+ $146 (12... b5 13.
b4 Qb6 14. Bb3 Nxc3+ 15. Qxc3 fxg4 16. Ne5 Nc7 17. Rac1 Nd5 18. Bxd5 exd5 19.
Qxc6 (19. Qb3 Bb7 20. Rhg1 Rxf4 $1 21. exf4 Qxd4 $36 {1-0 Poluljahov,
A-Chigvintsev,A/Smolensk 2000/CBM 77 (50)}) 19... Be6 20. Qxb6 axb6 21. Rc3 $14
) 13. Qxc3 (13. bxc3 fxg4 14. Ne5 $16) 13... Qb6 (13... Qxc3 14. bxc3 b5 15.
Bd3 $16) 14. gxf5 Rxf5 15. Rhg1 $16 {All white pieces are in the game, while
black queenside pieces have no clear feature...} Nc7 16. Bxc7 $2 {[%mdl 16384]
Hard to explain this move- it was right time to think how to finish the game
already!} (16. Be5 $1 Rf7 (16... g6 17. Qc2 $16 {[%csl Rg6][%cal Rc2f5,Gh2h4,
Yh4h5]}) 17. Bd3 {[%cal Gc3c2]} Nd5 18. Qc2 $18 {with killing attack;}) 16...
Qxc7 17. Qd3 $6 {Setting one move trick, but there is no otehr point in it....
White could keep an advantage by simple Ne5 following by f4; White did all to
destroy his fantastic position!} (17. Ne5 $14 {[%cal Gf2f4]}) 17... Kh8 18. Qe4
c5 $1 $132 {Finally black get some play;} 19. Rac1 Bd7 {It was good idea to
remove the queen from an opposition vs white rook over c-file; You can see why
it is so important from 20.Ne5 line;} (19... Qb6 $142 $5 20. Rc2 $14) 20. Bxe6
$2 {[%mdl 16384] This pawn is poison- black gets all pieces in after the
acceptance of sacrifice;} (20. Ne5 $1 cxd4 (20... Raf8 21. f4 $16) 21. f4 $1 {
[%cal Rc4e6]} Bc6 22. Bxe6 $1 $16) 20... Bxe6 21. Qxe6 Raf8 22. Rg3 (22. Ne5
Rxf2+ 23. Kd3 Bd6 $1 $17) 22... Bd6 23. Rh3 Qc6 24. e4 $2 {It leads to the
losing position at once; White had missed his last chance to save the game by:}
(24. Rxc5 $1 Bxc5 25. Qxc6 bxc6 26. dxc5 Rxc5 27. Nd4 Rc1 $15 {[%cal Gc6c5]}
28. f4 c5 29. Kd2 $1 {and black should work hard to win this ending;}) 24...
R5f6 25. Qd5 Qb5+ {There are too many tactical weaknesses of white all around:
king, both rooks, knight and b2-pawn....} 26. Ke1 (26. Qc4 Qd7 $1 {[%csl Rh3]}
27. e5 $8 Qxh3 28. exf6 Re8+ 29. Ne5 gxf6 30. Qf7 Qe6 $19 {[%csl Re5][%cal
Ye8e2]}) 26... Qxb2 {[%csl Rc1,Yf2,Rf3]} 27. Kd1 Rxf3 28. Qxd6 Rxf2 {[%csl Yd2,
Ye2]} 0-1

[Event "RUS-Cup final"]
[Site "Ekaterinburg"]
[Date "1999.??.??"]
[Round "11"]
[White "Rashkovsky, Nukhim N"]
[Black "Volkov, Sergey"]
[Result "1/2-1/2"]
[WhiteElo "2525"]
[BlackElo "2587"]
[Annotator "Tyomkin,D"]
[PlyCount "106"]
[EventDate "1999.08.28"]
[EventType "tourn"]
[EventRounds "11"]
[EventCountry "RUS"]
[EventCategory "11"]
[SourceTitle "CBM 075"]
[Source "ChessBase"]
[SourceDate "2000.04.05"]
[SourceVersion "1"]
[SourceVersionDate "2000.04.05"]
[SourceQuality "1"]

1. d4 d5 2. c4 e6 3. Nf3 c6 4. Qc2 f5 5. Bf4 Nf6 6. e3 Be7 7. Bd3 (7. h3 {
Tsesarsky} O-O 8. Be2 Ne4 9. Nc3 Nd7 10. O-O g5 (10... Ndf6 11. Ne5 Bd7 12.
Nxd7 $5 $14) 11. Bh2 Ndf6 12. Ne5 Bd7 13. f3 $14 {1/2-1/2 Razuvaev,Y-Guliev,S/
Moscow 1998/CBM 63/[Tsesarsky] (43)}) 7... O-O 8. O-O (8. Nbd2 Bd7 9. Ne5 (9.
h3 $5) 9... Nh5 10. h3 Nxf4 11. exf4 Na6 12. a3 Nc7 (12... dxc4 $5 13. Bxc4 Nc7
{[%cal Gc7d5]}) 13. c5 Ne8 14. O-O Nf6 15. Rfe1 Be8 16. b4 Ne4 17. Nf1 $14 Kh8
18. f3 Nf6 19. g4 Nd7 20. g5 Nxe5 21. Rxe5 Bd7 22. Ng3 g6 23. Ree1 {1/2-1/2
Stohl,I-Varga,Z/Hungary 1998/EXT 2000 (23)}) 8... Ne4 $146 (8... Nh5 {Belov} 9.
Be5 Nd7 10. Nbd2 Nxe5 11. dxe5 $1 (11. Nxe5 Nf6 12. Rac1 Bd6 $14) 11... g6 12.
Rfd1 Bd7 (12... b6 13. Rac1 Bb7 14. Nd4 Ng7 15. cxd5 cxd5 16. Qa4 $16) 13. Be2
Ng7 14. Ne1 $5 Qb6 (14... Rc8 $5) 15. Nd3 Rad8 (15... c5 $5 16. Bf3 Bc6 $14)
16. c5 Qc7 17. b4 $16 {1-0 Romanishin,O-Guliev,S/Nikolaev 1995/CBM 47/[Belov] 
(30)}) 9. Bxb8 $6 {Very desputable decision of white.The normal way of
development looks more natural for white:} (9. Nc3 $142) 9... Rxb8 10. Ne5 c5
11. Nc3 $6 {missing following black's play, which based on some tactics.} (11.
cxd5 exd5 (11... cxd4 12. Bxe4 fxe4 13. Qxe4 dxe3 14. Qxe3 exd5 (14... Qxd5 15.
Nc3 $14) 15. Qxa7 Be6 $44 {Black has some compensation because of pair of
bishops.}) 12. Nc3 $11) 11... cxd4 12. exd4 dxc4 $1 13. Bxe4 (13. Nxc4 $5 Nf6 {
[%csl Rd4][%cal Gb7b5,Yc8b7]} 14. Rfe1 $5 Qxd4 15. Rad1 $44) 13... Qxd4 $1 14.
Nf3 Qc5 {[%csl Re4]} 15. Nd2 fxe4 16. Ncxe4 Qc6 {Normally the side, which has
bishops against knights, should change queens and keep rooks, but probably in
this specific position black has to keep queens on board with idea to develop
some initiative in the middlegame.} (16... Qf5 $5 17. Nxc4 Bd7 $15 {[%cal
Gd7c6]}) 17. Qxc4 Bd7 18. Rac1 Rbc8 19. Qxc6 Bxc6 20. f3 {If black could move
his pawn e6 back to f7, he would be better. But now white has fine outpost
on-e4, and anything can't move the knight from their. The ending is probably
balanced.} a5 21. a3 Rfd8 22. Rfe1 Bh4 23. g3 Be7 24. Kf2 {White plays
accuratly, concentrating pieces over the centre.} h6 25. Rc3 Rd5 26. Nb3 Rb5
27. Re2 Rd8 28. Nbc5 Bd5 29. Nd3 Rf8 30. Kg2 Bc6 31. Nf4 {The most interesting
things of the game are starting now! I guess, the following stage of the game
was played in mutual time-trouble because of many mistakes of both players and
...some cowardly decisions of white!} Re8 $2 (31... Bxe4 $142 32. fxe4 Bf6 33.
a4 $1 (33. Rc7 Be5) 33... Rxb2 34. Rxb2 Bxc3 35. Rxb7 Rc8 $1 {[%cal Gc8c4]}) (
31... Kf7 32. Rce3 Re8 {-like in the game.}) 32. Rce3 $2 {One of white's
cowardly moves.} (32. Nxe6 $1 {just winning a pawn.} Re5 33. Nd4 Bxe4 34. fxe4
Bg5 35. Kf3 (35. Nf3 Rxe4 36. Rxe4 Rxe4 37. Nxg5 hxg5 38. Kf3 $16) 35... Rf8+
36. Kg4 Rfe8 37. Nf3 Rxe4+ 38. Rxe4 Rxe4+ 39. Kf5 Re2 40. Nxg5 hxg5 41. Rb3 $18
) 32... Kf7 33. Nc3 Rb3 34. Nd3 {Not falling to the trap.} (34. Rxe6 $2 Bxa3
35. Rxe8 Bxe8 36. bxa3 Rxc3 $17) 34... Bd6 35. Ne5+ Bxe5 36. Rxe5 Rd8 $2 (36...
g5 $142 {[%cal Gg5g4]} 37. h3 b5 (37... a4)) (36... b5 $142) 37. Kf2 $2 (37.
Rxa5 Rd3 38. Rf2 g5 39. g4 {White has pawn up. Despite of some pressure of
black, white had to try it.}) 37... g5 38. R5e3 a4 39. h4 gxh4 40. gxh4 Rg8 41.
Rd2 {Now the game is equal.} (41. Rxe6 Rxb2 42. Rxb2 Kxe6 43. Rb4 Rf8 44. f4
Rf5 45. Ne2 Kf6 $11) 41... Rg6 42. Rde2 Ke7 43. Rd2 Kf6 44. Ne2 Rxe3 45. Kxe3
e5 $11 {Despite of B:N correlation, black doesn't have advantage because white
has very solid position.} 46. Rc2 Ke7 47. Rc4 Rg2 48. Rb4 Kf6 49. Nc3 Kf5 50.
Ne4 Kg6 51. Nd6 Rg3 52. Rg4+ Rxg4 53. fxg4 Kf6 1/2-1/2

[Event "Petermaennchen GM"]
[Site "Schwerin"]
[Date "1999.08.14"]
[Round "8"]
[White "Bischoff, Klaus"]
[Black "Danielsen, Henrik"]
[Result "1-0"]
[WhiteElo "2509"]
[BlackElo "2512"]
[Annotator "Tyomkin,D"]
[PlyCount "109"]
[EventDate "1999.08.09"]
[EventType "tourn"]
[EventRounds "9"]
[EventCountry "GER"]
[EventCategory "10"]
[SourceTitle "CBM 073"]
[Source "ChessBase"]
[SourceDate "1999.12.01"]
[SourceVersion "1"]
[SourceVersionDate "1999.12.01"]
[SourceQuality "1"]

1. d4 {Hecht} f5 2. g3 g6 3. Bg2 Bg7 4. c4 d6 5. d5 (5. Nc3 {-is a normal way
to play in the opening.}) 5... e5 $146 (5... Na6 6. Nh3 Nf6 7. Nf4 Nc5 8. h4 $5
(8. O-O O-O 9. Nd2 e5 10. dxe6 c6 $11 {1/2-1/2 Staller,P-Mischke,L/St Ingbert ,
EXT 1991 (33)}) 8... O-O $140 9. h5) 6. dxe6 c6 7. Nh3 Bxe6 8. Qb3 Qb6 (8...
Qe7 {-was an intersting alternative;} 9. Ng5 Bc8 {[%cal Gb8d7,Gd7c5]}) 9. O-O
Qxb3 {[%mdl 4096] Suddenly the ending arises on 9th move already!} 10. axb3 Nd7
11. Rd1 Ke7 (11... Nc5 12. Ng5 $5 Nxb3 $140 13. Nxe6 Nxa1 14. Nxg7+ $18) 12.
Ng5 Ngf6 13. Nc3 Rhd8 (13... Bg8 14. Bf4 Ne5 15. c5 Ne8 16. cxd6+ Nxd6 17. Ra5
Ndf7 18. Nxf7 Nxf7 19. b4 $1 $16 {[%cal Gb4b5]}) 14. Bf4 $1 {causing Ne5.
Otherwise black moves this knight to c5.} Ne5 15. Be3 $1 (15. Bxe5 dxe5 16.
Rxd8 Rxd8 17. Rxa7 Rd7 18. Nxe6 Kxe6 {Despite of pawn up,this position is
about draw.}) 15... a6 16. Bb6 Rd7 17. f4 Nf7 18. Nxe6 Kxe6 19. e4 $14 Nh6 (
19... fxe4 20. Bh3+ $16) 20. Re1 Nxe4 21. Bxe4 (21. Nxe4 fxe4 22. Rxe4+ Kf7 {
and white doesn't achieve anything.}) 21... fxe4 22. Nxe4 Kf7 23. Rad1 Kg8 $4 {
probably missing 25th move of white.} (23... Bf8 24. h3 $14 {[%csl Rh6][%cal
Gg3g4]} (24. Nc5 $140 $2 Re7)) 24. Rxd6 Re7 {[%tqu "En","Black threatens
Ra8-e8.What has white to do?","","","b6d8","",10]} 25. Bd8 $1 Re8 (25... Rf7
26. Nf6+ Bxf6 27. Re8+ (27. Bxf6 Nf5 28. Rde6 Ng7 $1 {getting the rooks ending.
}) 27... Rf8 28. Rxf8+ Kxf8 29. Bxf6 {[%cal Rd6d7]} Re8 30. Rd7 Ng4 31. Bd4 $18
) 26. Nf6+ Bxf6 27. Rxe8+ Kf7 28. Bxf6 Kxe8 (28... Rxe8 29. Bg5 {[%cal Gd6d7]})
29. h3 $1 {[%csl Rh6][%cal Gg3g4] limiting movement of black knight.} Nf5 30.
Rd3 Kf7 31. Be5 Re8 32. g4 {Even now black doesn't have better place for
knight than h6-square.} Nh6 33. Kf2 Ke6 {Now white exchanges rooks,and in
forthcoming ending whites bishop domenates over blacks knight.} (33... Re7 34.
Rd8 Ke6 35. Rd6+ Kf7 36. Kf3 {[%cal Gf3e4,Yf4f5]}) 34. Bg7 $1 Nf7 35. Re3+ Kd7
36. Rxe8 Kxe8 {Hecht: '[#] Schwarz glaubt, in dieser Stellung bei einem
Minusbauer und lahmendem Gaul eine uneinnehmbare Festung zu haben. Er verliert
jedoch aufgrund von Zugzwang. Kommentare nach H.Danielsen in "SCHACH" Nr.9/S.
78. '} 37. Ke3 Kd7 38. Ke4 Ke6 (38... Nd6+ 39. Ke5 {[%cal Ge5f6]} Ke7 $140 40.
Bf8+) (38... c5 {Hecht} 39. f5 gxf5+ 40. Kxf5 Ke7 41. Bf6+ Kd7 42. g5 Nd6+ 43.
Ke5 Nf7+ 44. Kd5 b6 45. h4 {kann es auch nicht sein}) 39. c5 {[%csl Gd6] '!'
Hecht. That is true that in the ending it is better to place pawns on opposite
coloured squares than the bishop,but in this specific position whites strategy
is to cut blacks knight.} (39. f5+ $2 {Hecht} gxf5+ 40. gxf5+ Kd7 $11 {denn
hier gelingt nicht mehr die Springereinkreisung mit der Folge Zugzwang. Selbst
wenn c5, Lf6 und der Königsmarsch nach h5 geschehen, so macht der schwarze
König einfache Freudensprünge.}) 39... Nd8 40. Bc3 Nf7 41. Bd2 Nh6 42. Ba5 Nf7
43. g5 $1 {The white squares: b5, d5, f5 are not available for black's knight.
Hecht: 'Bezogen auf die Farbe des Läufers zwar antipositionell, aber dennoch
postionsgerecht, denn dem Springer wird der Lufthahn abgedreht, und alsbald
tritt General Zugzwang auf den Plan.'} Nh8 44. h4 Nf7 45. Bc3 Nd8 46. Bf6 Nf7
47. h5 $1 {[%mdl 4096] Hecht: '[#] Auch so gerät Schwarz in Zugzwang.'} (47. b4
$2 Nh6 $1 (47... h5 48. Bc3 Nd8 49. f5+ $1 gxf5+ 50. Kf4 Nf7 51. b3 $1 {
zugzwang.} (51. g6 Nh6 52. Kg5 $18) 51... Nd8 52. g6 $18) (47... h6 {Hecht} 48.
b3 h5 49. Bb2 Nd8 50. Bc3 Nf7 51. Bf6 b6 52. f5+ gxf5+ 53. Kf4 bxc5 54. bxc5 a5
55. Bc3 Nd8 56. Bxa5 Nb7 57. Bb6 {ist auch nicht von schlechten Eltern.}))
47... a5 (47... gxh5 48. f5+ Kd7 49. Kf4 {'+-' Hecht.} (49. g6 $143 hxg6 50.
fxg6 Nh6 51. Bg5 Ng8 52. Ke5 Ke8) 49... Ke8 (49... Kc7 50. Kg3 b6 51. Kh4 bxc5
52. Kxh5 Kd7 53. g6 $18) 50. Kg3 {[%cal Gg3h4]}) 48. hxg6 hxg6 49. Bc3 {
[%csl Ra5]} b6 50. cxb6 Nd6+ 51. Kf3 Kf5 (51... Nb7 {Hecht} 52. Kg4 c5 53. Be5
Nd8 54. Bc7 Nb7 55. f5+ gxf5+ 56. Kf4 {o.д.}) 52. Bxa5 Nb7 53. Bc3 Nd6 54. Be5
Nb7 55. b4 (55. b4 Nd8 56. Ke3 Nb7 57. Kd4 Ke6 58. Ke4 Nd8 59. f5+ gxf5+ 60.
Kf4 $18) 1-0

[Event "Petrov Memorial op"]
[Site "St Petersburg"]
[Date "2000.02.10"]
[Round "4"]
[White "Najer, Evgeniy"]
[Black "Ragozin, Evgeni"]
[Result "1-0"]
[WhiteElo "2572"]
[BlackElo "2475"]
[Annotator "Tyomkin,D"]
[PlyCount "77"]
[EventDate "2000.02.05"]
[EventType "swiss"]
[EventRounds "9"]
[EventCountry "RUS"]
[SourceTitle "CBM 076"]
[Source "ChessBase"]
[SourceDate "2000.05.31"]
[SourceVersion "1"]
[SourceVersionDate "2000.05.31"]
[SourceQuality "1"]

1. d4 {Meulders} f5 2. Nf3 Nf6 3. Bg5 e6 4. c4 Bb4+ 5. Nbd2 (5. Nc3 h6 6. Bxf6
Bxc3+ 7. bxc3 Qxf6 8. Qc2 d6 9. e4 e5 10. c5 $1 O-O 11. cxd6 cxd6 12. Bc4+ Kh8
13. dxe5 dxe5 14. O-O Nc6 15. Bd5 $14 {1-0 Jussupow,A-Karlsson,L/Eupen 1994/
CBM 44 (38)} (15. Bd5 {Meulders} Ne7 16. c4 $14 {1-0 Jussupow,A-Karlsson,L/
Eupen 1994/CBM 44 (38)})) 5... O-O 6. e3 d6 7. Be2 b6 8. O-O Bb7 $2 {[%mdl
16384] Black had to trade the bishop on-b4. Now bishop gets into trouble. 
Meulders: 'Ein elementarer Fehler. Sobald der Nd2 entfesselt ist, soll Schwarz
nehmen. Es ist instruktiv wie Weiss schnell die Stellung in eisernen Griff
bekommt.'} (8... Bxd2 9. Nxd2 Bb7 10. Bf3 Bxf3 11. Qxf3 c6 $14 (11... Nbd7 {
Meulders} 12. Qc6 h6 13. Bh4 a5 $14)) 9. Nb3 $16 {[%csl Rb4] '+/-!' Meulders.
Meulders: '/\a3'} d5 (9... Nbd7 10. a3 Ba5 11. d5 $1 (11. Nxa5 bxa5 {and white
can not use the weakness of blacks pawns at once.}) 11... exd5 12. Nbd4 $16 {
[%cal Rd4e6,Rb2b4]}) 10. c5 {'!' Meulders.} bxc5 11. dxc5 c6 12. Qd4 {'!'
Meulders.} Ba5 13. Qe5 {Weaknesses of black squares are really hurt.  Meulders:
'Falls der Pe6 nun nicht angegriffen war stünde Schwarz nach Bc7 glänzend;
falls...'} Bc8 14. Nxa5 Qxa5 15. b4 {'!' Meulders. Meulders: 'Alles mit Tempo!'
} Qd8 (15... Qxb4 16. Rab1 Qe4 17. Bxf6 $1 $18 {[%cal Ge5c7]}) 16. Nd4 Qe8 17.
f3 $1 {[%csl Ye4,Rf6,Yg4] '+-' Meulders. White plays on ristriction of black
pieces.  Meulders: 'Endlich bekommt Schwarz eine kleine Atempause. Das Kind
ist inzwischen schon in den Brunnen gefallen.'} a5 18. b5 {'!' Meulders.} cxb5
19. Bxb5 Qf7 20. Rfb1 $6 {A little bit dubious move, but still good enough.} (
20. Rab1) 20... Na6 21. Bxa6 {'!' Meulders. Meulders: 'Hier passen keine
Schablonengedanken: lieber als ein Tempo zu verlieren um Pc5 zu decken gibt
Weiss den Laüfer her.'} Bxa6 $2 {With this move black actually gives up a game.
} (21... Rxa6 22. c6 {[%cal Gb1b8]} Ra8 23. Rb6 $18 {[%cal Ga1b1,Yb6b8]}) 22.
Qxe6 Bc4 23. a3 Qxe6 24. Nxe6 Rf7 25. c6 Rc8 (25... Re8 {Meulders} 26. c7 Rfe7
27. Rb8 Rxe6 28. c8=Q Rxc8 29. Rxc8+ $18) 26. Rb6 h6 27. Bxf6 Rxf6 28. Nd4 $18
{It was good idea for black to resign right now, but he continues to move
pieces mechanically untill the time control.} Rf7 (28... g6 {Meulders}) 29.
Rab1 Kh7 30. Rb8 Rxb8 31. Rxb8 Kg6 32. Rb7 Rf8 33. Rd7 {'?!' Meulders.
Meulders: 'der Luxus der verschiedenen Gewinnwege....'} ({Faster was:} 33. c7
Rc8 (33... Ba6 34. Rb6+) 34. Nc6 {[%cal Gc6a7,Gc6e7] '!' Meulders.} (34. Nc6 $1
{Meulders} Ba6 35. Ne7+ Kf6 36. Nxc8 Bxb7 37. Nd6 Ba6 38. c8=Q $18)) 33... Kf6
34. Rd6+ Ke7 35. Rd7+ Kf6 36. Kf2 Rc8 37. Rd6+ Kf7 38. Nxf5 Bb5 39. Rxd5 1-0